000 02089nam0a2200409 4500
001 RU\NLR\BIBL_A\012195023
005 20250623224703.0
010 _a978-5-6043044-6-4
021 _aRU
_b2019-97186
_9КН-П-7137
035 _a(RuMoRGB)010203516
035 _a(NLR Aleph) 012195023
090 _a10815316
_c10815316
100 _a20200131d2019 |||y0rusy50 ca
101 0 _aeng
102 _aRU
105 _aa z 000zy
181 0 _ai
_baxxe
182 0 _an
200 1 _aAsia under fire of US sanctions
_fIvan Timofeev
_gValdai discussion club
203 _aТекст
_bвизуальный
_cнепосредственный
210 _aMoscow
_cFound. for development and support of the Valdai discussion club
_dcop. 2019
215 _a20 с.
_cцв. ил.
_d30
225 1 _aValdai discussion club report
320 _aБиблиогр. в подстроч. примеч.
541 1 _aАзия под огнём санкций США
606 1 _aЭкономические санкции
_jЛекции, доклады и т.п
_92172426
_3RU\NLR\AUTH\661306721
607 _aСоединенные Штаты Америки
_jЛекции, доклады и т.п
_xЭкономические взаимоотношения
_yАзиатские страны
_92437621
_3RU\NLR\AUTH\6601668392
607 _aАзиатские страны
_jЛекции, доклады и т.п
_xЭкономические взаимоотношения
_yСоединенные Штаты Америки
_92437618
_3RU\NLR\AUTH\6601668391
607 _aСоединенные Штаты Америки
_jЛекции, доклады и т.п
_xВнешняя политика
_yАзиатские страны
_z21 в.
_92437550
_3RU\NLR\AUTH\6601668361
686 1 _aУ9(5)89(7США)
686 1 _aУ9(7США)89(5)
686 1 _aТ3(7США)63-64(5)
700 1 _7ba
_8rus
_aTimofeev
_bI. N.
_cканд. полит. наук
_f1980-
_gIvan Nikolaevič
_9229254
_3RU\NLR\AUTH\770229310
942 _cBOOK
980 _aNB